000 02110nam0a2200349 4500
001 RU\NLR\BIBL_A\011392825
005 20250626060018.0
035 _a(NLR Aleph) 011392825
090 _a11461617
_c11461617
100 _a20170524j17760729|||y0rusy50 ca
101 0 _arus
102 _aRU
135 _acrcn 024anaba
140 _ay y aayaa0000
200 1 _aСтихи поздравительные его превосходительству Петру Васильевичу Заводовскому на пожалование генерал-майорским чином в знак искренней благодарности поднесенные.
210 _aПечатаны в Санктпетербурге
_d29 июля 1776
215 _a[4] с.
_d
304 _aСтихотворение начинается словами: "Блаженство общее там вящше процветает..."
316 _aЭкз. РНБ (18.153.1.227) в обл. из хоз. бумаги. На 1-й и 2-й с. обл. ярлык с шифром РНБ. На с.[1] и на 3-й с. обл. круглый штамп ГПБ.
_5NLR: 18.153.1.227
325 1 _aКопия доступна в электронной библиотеке РНБ
517 1 _aБлаженство общее там вящше процветает...
702 1 _6z01790
_aЗавадовский
_bП.В.
_f1738-1812
_gПётр Васильевич
_4420
790 1 _6z01702
_aЗаводовский
_bП.В.
_gПетр Васильевич
_4420
852 _aNLR
_j18.153.1.227
901 _eКнижные издания
942 _cBOOK
980 _aNB
980 _aA1XVIIIv
981 2 0 _a(20) Книжные памятники РНБ
981 2 2 _a(22) Материалы по истории России
_b(22) История России до 25 октября (7 ноября) 1917 года
_bКультура. Наука. Просвещение.